[Event "14. Sparkassen Open 2015 - Gruppe C"]
[Site "Forchheim"]
[Date "2015.10.04"]
[Round "5.35"]
[White "Stark, Raphael"]
[Black "Homfeldt, Maren"]
[Result "1-0"]
[WhiteElo "862"]
[BlackElo "1332"]
[PlyCount "131"]
[EventDate "2015.??.??"]
[WhiteTeam "SK Rothenburg"]
[BlackTeam "SC Noris-Tarrasch Nürnberg"]

1. e4 b6 2. Nc3 a6 3. d4 d6 4. Nf3 h6 5. Bc4 e6 6. d5 e5 7. a4 Bb7 8. Be3 Ne7
9. O-O g6 10. Bd3 Bg7 11. Qd2 Nd7 12. Rfe1 Nf6 13. b3 Ng4 14. Rab1 Qd7 15. h3
Nxe3 16. Rxe3 f5 17. Rbe1 O-O-O 18. b4 Kb8 19. b5 a5 20. Rd1 Bf6 21. Qe2 g5 22.
Nd2 h5 23. exf5 Nxf5 24. Bxf5 Qxf5 25. Qd3 Qf4 26. g3 Qd4 27. Qxd4 exd4 28.
Nce4 Be7 29. Nf3 Bxd5 30. Nfxg5 Rhg8 31. h4 Rdf8 32. Rxd4 Rf5 33. Nh3 c5 34.
Rxd5 Rxd5 35. Nf4 Re5 36. Re1 d5 37. Nxd5 Rxd5 38. Nc3 Rd7 39. Ne2 Rgd8 40. Nc3
Bf6 41. Ne4 Rd1 42. Rxd1 Rxd1+ 43. Kg2 Bd4 44. c3 Be5 45. f4 Bg7 46. Kh3 Rh1+
47. Kg2 Re1 48. Nd6 Bd4 49. cxd4 cxd4 50. Nc4 Kb7 51. f5 Re8 52. Nd6+ Kc7 53.
Nxe8+ Kd7 54. Nf6+ Ke7 55. Nd5+ Kd6 56. f6 Kxd5 57. f7 Ke4 58. f8=Q Kd3 59.
Qf3+ Kc4 60. Qd1 d3 61. Kf2 Kd4 62. Qd2 Ke4 63. Qe3+ Kf5 64. Qxd3+ Kg4 65. Qf3+
Kh3 66. g4+ 1-0

[Event "14. Sparkassen Open 2015 - Gruppe C"]
[Site "Forchheim"]
[Date "2015.10.04"]
[Round "5.36"]
[White "Antonava, Sviatlana"]
[Black "Fuhrmann, Elias"]
[Result "1-0"]
[WhiteElo "977"]
[BlackElo "811"]
[PlyCount "59"]
[EventDate "2015.??.??"]
[WhiteTeam "SGem Fürth"]
[BlackTeam "TV Tegernsee"]

1. d4 d5 2. Nf3 Nc6 3. Bf4 Bf5 4. a3 Nf6 5. Nbd2 e6 6. e3 Bd6 7. Bxd6 cxd6 8.
Bb5 Qb6 9. Be2 e5 10. dxe5 dxe5 11. O-O e4 12. Ng5 O-O 13. h3 h6 14. Ngxe4 dxe4
15. Nc4 Qc7 16. Qd6 Qc8 17. Rad1 Rd8 18. Qc5 Nd7 19. Qd5 Ne7 20. Qd4 Nb6 21.
Nxb6 axb6 22. Qxb6 Ra6 23. Bxa6 bxa6 24. Rxd8+ Qxd8 25. Qxd8+ Kh7 26. Qxe7 Bc8
27. Qxf7 a5 28. Rd1 h5 29. Qxh5+ Kg8 30. Rd8# 1-0

[Event "14. Sparkassen Open 2015 - Gruppe C"]
[Site "Forchheim"]
[Date "2015.10.04"]
[Round "5.37"]
[White "Seitz, Stefan"]
[Black "Albayrak, Berrak"]
[Result "1-0"]
[WhiteElo "705"]
[BlackElo "962"]
[PlyCount "73"]
[EventDate "2015.??.??"]
[WhiteTeam "SC Forchheim"]
[BlackTeam "Zabo-Eintracht Nürnberg"]

1. e4 e5 2. Nf3 Nc6 3. Bb5 d6 4. Bxc6+ bxc6 5. d4 Ba6 6. dxe5 dxe5 7. Nxe5
Qxd1+ 8. Kxd1 Ne7 9. b3 f6 10. Nf3 Ng6 11. Re1 Bd6 12. Nc3 O-O 13. Bd2 Bc8 14.
Kc1 Bg4 15. Nd4 c5 16. Nc6 a5 17. Kb2 Bd7 18. Nxa5 Rxa5 19. Nd5 Rfa8 20. g3 Rc8
21. Bc3 Rf8 22. f4 Rb8 23. e5 fxe5 24. fxe5 Be7 25. h4 c4 26. h5 Nh8 27. e6 h6
28. Nxe7+ Kh7 29. exd7 cxb3 30. axb3 Nf7 31. Nf5 Rd8 32. Re7 c6 33. Bxg7 Rg8
34. Rxf7 c5 35. Bf6+ Rg7 36. Rxg7+ Kh8 37. d8=Q# 1-0

[Event "14. Sparkassen Open 2015 - Gruppe C"]
[Site "Forchheim"]
[Date "2015.10.04"]
[Round "5.39"]
[White "Pillath, Marcus"]
[Black "Erdösi, Anna"]
[Result "1-0"]
[WhiteElo "1631"]
[BlackElo "1204"]
[PlyCount "55"]
[EventDate "2015.??.??"]
[WhiteTeam "SGem Vaihingen-Rohr"]
[BlackTeam "TV Tegernsee"]

1. Nf3 Nc6 2. d4 d5 3. Bf4 Bf5 4. c3 Nf6 5. Qb3 b6 6. Nbd2 e6 7. e3 Qd7 8. Bb5
a6 9. Ne5 Qc8 10. Bxc6+ Kd8 11. Bxa8 Bg6 12. Bc6 Bd6 13. O-O Bxe5 14. Bxe5 Bd3
15. Rfe1 Rg8 16. c4 dxc4 17. Nxc4 b5 18. Qxd3 bxc4 19. Qxc4 Ng4 20. h3 Nxe5 21.
dxe5 f6 22. Rad1+ Ke7 23. Qc5+ Kf7 24. Rd7+ Kg6 25. Red1 fxe5 26. Qxe5 Rf8 27.
Rxg7+ Kh6 28. Qg5# 1-0